[Event "Dortmund Sparkassen op-A 44th"]
[Site "Dortmund"]
[Date "2016.07.15"]
[Round "7"]
[White "Von Bargen, Lukas"]
[Black "Althoff, Ralph"]
[Result "1-0"]
[WhiteElo "1964"]
[BlackElo "2122"]
[PlyCount "61"]
[EventDate "2016.07.09"]
[EventType "swiss"]
[EventRounds "9"]
[EventCountry "GER"]
[SourceTitle "CBM 173 Extra"]
[Source "ChessBase"]
[SourceDate "2016.08.29"]
[SourceVersion "1"]
[SourceVersionDate "2016.08.29"]
[SourceQuality "1"]

1. d4 f5 2. g3 g6 3. Bg2 Nf6 4. Nf3 Bg7 5. 0-0 0-0 6. c4 d6 7. Nc3 Qe8 8. d5 a5 9. Be3 Na6 10. Qd2 e5 11. dxe6 Qxe6 12. b3 Ne4 13. Nxe4 Bxa1 14. Neg5 Qf6 15. Rxa1 Qxa1+ 16. Ne1 c6 17. Bd5+ cxd5 18. Qxd5+ Kg7 19. Bd4+ Qxd4 20. Qxd4+ Kh6 21. Qxd6 Re8 22. Nef3 Nb4 23. Qc7 Rh8 24. Nf7+ Kg7 25. Nd8+ Kh6 26. Qf4+ Kg7 27. Qe5+ Kf8 28. Qxh8+ Ke7 29. Ne5 Nxa2 30. Ndf7 Be6 31. Qxa8 1-0

[Event "Dortmund Sparkassen op-A"]
[Site "Dortmund"]
[Date "2015.06.29"]
[Round "3"]
[White "Schiefelbusch, Dirk"]
[Black "Von Bargen, Lukas"]
[Result "1/2-1/2"]
[WhiteElo "2105"]
[BlackElo "1880"]
[PlyCount "39"]
[EventDate "2015.06.27"]
[EventType "swiss"]
[EventRounds "9"]
[EventCountry "GER"]
[SourceTitle "CBM 167 Extra"]
[Source "ChessBase"]
[SourceDate "2015.09.14"]
[SourceVersion "1"]
[SourceVersionDate "2015.09.14"]
[SourceQuality "1"]

1. d4 Nf6 2. Nf3 c5 3. c4 cxd4 4. Nxd4 b6 5. Nc3 Bb7 6. Bg5 a6 7. Qd3 e6 8. e4 d6 9. Be2 Be7 10. 0-0 0-0 11. Rfd1 Qc7 12. Rac1 Nbd7 13. f3 Rac8 14. Qd2 Rfd8 15. Kh1 Qb8 16. Bf4 Bf8 17. Bg5 Qa8 18. Qe3 Re8 19. Qd2 h6 20. Bh4 1/2-1/2

[Event "GER-chT U16"]
[Site "Naumburg"]
[Date "2012.12.30"]
[Round "7"]
[White "Hoffmann, Dustin"]
[Black "Von Bargen, Lukas"]
[Result "1-0"]
[WhiteElo "1709"]
[BlackElo "1661"]
[PlyCount "73"]
[EventDate "2012.12.27"]
[EventType "team-swiss"]
[EventRounds "7"]
[EventCountry "GER"]
[SourceTitle "EXT 2014"]
[Source "ChessBase"]
[SourceDate "2013.11.20"]
[SourceVersion "1"]
[SourceVersionDate "2013.11.20"]
[SourceQuality "1"]
[WhiteTeam "Merseburg"]
[BlackTeam "Iserlohn Koenigsspringer"]
[WhiteTeamCountry "GER"]
[BlackTeamCountry "GER"]

1. e4 c5 2. Nf3 d6 3. d4 cxd4 4. Nxd4 Nf6 5. Nc3 g6 6. Be3 Bg7 7. Be2 0-0 8. 0-0 Nc6 9. Kh1 Bd7 10. f4 a6 11. Bf3 Rb8 12. a4 Qc7 13. Nb3 Be6 14. Nd5 Bxd5 15. exd5 Na5 16. Nxa5 Qxa5 17. c3 Nd7 18. Re1 Rfe8 19. Bd4 Bxd4 20. Qxd4 Qc5 21. Qd2 Nb6 22. a5 Nd7 23. Re2 Nf6 24. b3 Qb5 25. Qb2 Rbc8 26. c4 Qc5 27. Qd2 Qa7 28. Rae1 Rc7 29. g4 Kf8 30. g5 Ng8 31. Qb2 Qc5 32. Qc3 Rb8 33. Re3 Re8 34. Bg4 Rb8 35. Rh3 b5 36. Rxh7 Qxd5+ 37. Bf3 1-0

[Event "GER-chT U16"]
[Site "Naumburg"]
[Date "2012.12.28"]
[Round "4"]
[White "Von Bargen, Lukas"]
[Black "Ehmann, Thilo"]
[Result "1-0"]
[WhiteElo "1661"]
[BlackElo "1918"]
[PlyCount "73"]
[EventDate "2012.12.27"]
[EventType "team-swiss"]
[EventRounds "7"]
[EventCountry "GER"]
[SourceTitle "EXT 2014"]
[Source "ChessBase"]
[SourceDate "2013.11.20"]
[SourceVersion "1"]
[SourceVersionDate "2013.11.20"]
[SourceQuality "1"]
[WhiteTeam "Iserlohn Koenigsspringer"]
[BlackTeam "Sasbach"]
[WhiteTeamCountry "GER"]
[BlackTeamCountry "GER"]

1. d4 d5 2. c4 e6 3. Nf3 Nf6 4. g3 Be7 5. Bg2 0-0 6. 0-0 c6 7. Nbd2 Bd6 8. Qc2 b6 9. Re1 Bb7 10. e4 dxe4 11. Nxe4 Nxe4 12. Qxe4 Nd7 13. Qc2 Nf6 14. Ne5 Qc7 15. Bg5 Ne8 16. Bf4 g5 17. Bxg5 f6 18. Bh6 fxe5 19. Bxf8 Bxf8 20. dxe5 Rd8 21. Rad1 Rxd1 22. Rxd1 Ng7 23. Be4 Nh5 24. Bxh7+ Qxh7 25. Qxh7+ Kxh7 26. Rd7+ Kg6 27. Rxb7 Bc5 28. Rxa7 Kf5 29. Rh7 Kg6 30. Rc7 Kf5 31. Rxc6 Bd4 32. Kg2 Kxe5 33. f4+ Kf5 34. Kf3 Nf6 35. h3 Nd7 36. g4+ Kf6 37. Rd6 1-0